| 000 | 01203nam a22001697a 4500 | ||
|---|---|---|---|
| 041 | _aeng | ||
| 080 | _a81.2 | ||
| 090 | _bГИН | ||
| 100 | _aГинзбург Р. З. | ||
| 245 | _aЛексикология английского языка: Учебник для институтов и факультетов иностранных языков. | ||
| 250 | _a2 | ||
| 260 |
_aМосква _bВысшая школа _c1979 |
||
| 300 | _a269 | ||
| 520 |
_aДанная книга является вторым изданием учебника по лексикологии тех же авторов, вышедшего впервые в 1966 г.
В учебнике нашли отражение такие вопросы лексикологии, как семаснология, структура слова, словосложение и словообразование, словосочитания и фразеологические единицы, этимология словарного состава английского языка, основы английской лексикографии и др.. _0Stylistic, structure, semantic |
||
| 650 | _aLinguistics | ||
| 999 |
_c282442 _d282442 |
||
| 942 | _cBK | ||